00802nam a22002297a 450000500170000001000130001702000220003003500130005203700160006504000120008108200130009324501950010626000490030127000470035030000340039750000420043165000210047365000240049470000160051870000220053470000160055620170124110038.0 aA-934408 c00.00a8175100672 aA-934408 bCen Lib/Ret aDPLbEN a020bCUR aCurrent developments in library and information science :cedited by P.P. Rawat, O.P. Gupta [and] V. Venkataappaiah bpapers presented in hounor of professor P N Kauka on his 71st birthday / aNew Delhi bReliance Publishing House c1997 bNew Delhi a3026/7H, ranjit nagar e110008 axliv, 787p. ;c21cm(Hb)bill. aBibliographical references and index  aLibrary science  aInformation science aRawat, P.P. aVenkatappaiah, V. aGupta, O.P.